High Court Civil Misc. Appl. No. 69 OF 1998 (Arising from Civil Suit No. 37 of 1987- Bwongyera LC III Court) Rwakatyaba Gideon Vs Anna Kyona (Record no. 3741)

MARC details
000 -LEADER
fixed length control field 00484nam a22001097a 4500
008 - FIXED-LENGTH DATA ELEMENTS--GENERAL INFORMATION
fixed length control field 110623t xxu||||| |||| 00| 0 eng d
010 ## - LIBRARY OF CONGRESS CONTROL NUMBER
LC control number HCCMAF123
245 ## - TITLE STATEMENT
Title High Court Civil Misc. Appl. No. 69 OF 1998 (Arising from Civil Suit No. 37 of 1987- Bwongyera LC III Court) Rwakatyaba Gideon Vs Anna Kyona
260 ## - PUBLICATION, DISTRIBUTION, ETC. (IMPRINT)
Date of publication, distribution, etc 1998
500 ## - GENERAL NOTE
General note Before: THE HON. MR. JUSTICE V.F. MUSOKE-KIBUUKA
Holdings
Withdrawn status Lost status Source of classification or shelving scheme Damaged status Koha normalized classification for sorting Not for loan Location (home branch) Sublocation or collection (holding branch) Shelving location Date acquired Koha issues (times borrowed) Koha full call number Piece designation (barcode) Koha date last seen Price effective from Koha item type
    Dewey Decimal Classification   HCCMAF__123   Law Development Centre Main Library Law Development Centre Main Library Law Reports 06/23/2011   HCCMAF_123 69/1998/1 06/23/2011 06/23/2011 Un Reported Cases